000
00241nam a2200097Ia 4500
008
230915s9999 xx 000 0 und d
050
_a
TD 1030 .L34 2001
100
_a
LAGREGA MICHAEL D.
245
0
_a
HAZARDOUS WASTE MANAGEMENT
942
_c
BK
999
_c
203683
_d
203683